5HLuxD.jpg

KING HENRY VIII SENIOR AND PRIMARY SCHOOL LIBRARY OPAC

The Science Book / (Record no. 329)

000 -LEADER
fixed length control field 02281cam a2200481Mi 4500
001 - CONTROL NUMBER
control field .b24936686
003 - CONTROL NUMBER IDENTIFIER
control field OCoLC
005 - DATE AND TIME OF LATEST TRANSACTION
control field 20190806114449.0
008 - FIXED-LENGTH DATA ELEMENTS--GENERAL INFORMATION
fixed length control field 140414s2014 enka e 001 0 eng d
020 ## - INTERNATIONAL STANDARD BOOK NUMBER
International Standard Book Number 9781409350156
Qualifying information (hardback) :
020 ## - INTERNATIONAL STANDARD BOOK NUMBER
International Standard Book Number 1409350150
Qualifying information (hardback)
035 ## - SYSTEM CONTROL NUMBER
System control number (OCoLC)881375273
Canceled/invalid control number (OCoLC)881021570
040 ## - CATALOGING SOURCE
Original cataloging agency AU@
Language of cataloging eng
Description conventions rda
Transcribing agency AU@
Modifying agency OCLCO
-- OCLCQ
-- AUMCS
-- SINLB
-- OCLCF
-- UKMGB
-- YDXCP
042 ## - AUTHENTICATION CODE
Authentication code nbic
082 04 - DEWEY DECIMAL CLASSIFICATION NUMBER
Classification number 500 SCI
Edition number 23
245 04 - TITLE STATEMENT
Title The Science Book /
Statement of responsibility, etc. [edited by Rob Colson and 2 others, contributors, John Farndon and 6 others, illustrated by James Graham and Peter Liddiard]
264 #1 - PRODUCTION, PUBLICATION, DISTRIBUTION, MANUFACTURE, AND COPYRIGHT NOTICE
Place of production, publication, distribution, manufacture London :
Name of producer, publisher, distributor, manufacturer Dorling Kindersley,
Date of production, publication, distribution, manufacture, or copyright notice 2014.
264 #4 - PRODUCTION, PUBLICATION, DISTRIBUTION, MANUFACTURE, AND COPYRIGHT NOTICE
Date of production, publication, distribution, manufacture, or copyright notice ©2014.
300 ## - PHYSICAL DESCRIPTION
Extent 352 pages :
Other physical details illustrations (some color) ;
Dimensions 25 cm.
336 ## - CONTENT TYPE
Content type term text
Content type code txt
Source rdacontent.
336 ## - CONTENT TYPE
Content type term still image
Content type code sti
Source rdacontent.
337 ## - MEDIA TYPE
Media type term unmediated
Media type code n
Source rdamedia.
338 ## - CARRIER TYPE
Carrier type term volume
Carrier type code nc
Source rdacarrier.
490 1# - SERIES STATEMENT
Series statement Big Ideas Simply Explained.
500 ## - GENERAL NOTE
General note "Big ideas simply explained."--Cover.
500 ## - GENERAL NOTE
General note Includes index.
505 0# - FORMATTED CONTENTS NOTE
Formatted contents note Introduction -- The Beginning of Science 600bce-1400ce -- Scientific Revolution 1400-1700 -- Expanding Horizons 1700-1800 -- A Century of Progress 1800-1900 -- A Paradigm Shift 1900-1945 -- Fundamental Building Blocks 1945-Present -- Directory -- Glossary -- Index -- Acknowledgements.
520 ## - SUMMARY, ETC.
Summary, etc. Explores the history of science, how scientists have sought to explain our incredible universe and how amazing scientific discoveries have been made. This book helps you discover how Galileo worked out his scientific theories of motion and inertia, why Copernicus' ideas were contentious and what the discovery of DNA meant.
650 #0 - SUBJECT ADDED ENTRY--TOPICAL TERM
Topical term or geographic name entry element Science
General subdivision History.
700 1# - ADDED ENTRY--PERSONAL NAME
Personal name Colson, Rob,
Relator term editor.
700 1# - ADDED ENTRY--PERSONAL NAME
Personal name Graham, James,
Relator term illustrator.
700 1# - ADDED ENTRY--PERSONAL NAME
Personal name Liddiard, Peter,
Relator term illustrator.
700 1# - ADDED ENTRY--PERSONAL NAME
Personal name Farndon, John,
Relator term Contributor.
700 1# - ADDED ENTRY--PERSONAL NAME
Personal name Hart-Davis, Adam
Relator term Consultant editor
700 1# - ADDED ENTRY--PERSONAL NAME
Personal name Green, Dan
Relator term Contributor.
700 1# - ADDED ENTRY--PERSONAL NAME
Personal name Harvey, Derek
Relator term Contributor.
700 1# - ADDED ENTRY--PERSONAL NAME
Personal name Johnson, Penny
Relator term Contributor.
700 1# - ADDED ENTRY--PERSONAL NAME
Personal name Douglas, Palmer
Relator term Contributor.
700 1# - ADDED ENTRY--PERSONAL NAME
Personal name Parker, Steve
Relator term Contributor.
700 1# - ADDED ENTRY--PERSONAL NAME
Personal name Sparrow, Giles
Relator term Contributor.
830 #0 - SERIES ADDED ENTRY--UNIFORM TITLE
Uniform title Big ideas simply explained.
942 ## - ADDED ENTRY ELEMENTS (KOHA)
Source of classification or shelving scheme
Koha item type Books - Non Ficton
Holdings
Withdrawn status Lost status Source of classification or shelving scheme Damaged status Not for loan Collection code Permanent Location Current Location Shelving location Date acquired Total Checkouts Full call number Barcode Date last seen Date last checked out Price effective from Koha item type
          Non-Fiction KH8 Senior School Library KH8 Senior School Library Non Fiction 2019-08-06 1 500 SCI 3KHSL000100274 2021-12-13 2020-09-25 2019-08-06 Books - Non Ficton
          Non-Fiction KH8 Senior School Library KH8 Senior School Library Non Fiction 2025-02-05   500 SCI 3KHSL000102186 2025-02-05   2025-02-05 Books - Non Ficton

Powered By KH8 IT Dept